Largest Airlines By Letter - Statistics

General Stats
  • This quiz has been taken 48 times
  • The average score is 12 of 26
Answer Stats
Letter Revenue
(Billions)
Airlines % Correct
A 54.2 American Airlines
100%
D 61.6 Delta Airlines
90%
L 40.4 Lufthansa German Airlines
77%
B 39.2 British Airways
74%
E 20.6 Emirates
74%
U 57.1 United Airlines
74%
Q 23.6 Qatar Airways
68%
J 9.5 Japan Airlines
61%
R 15.9 Ryanair
61%
C 24.5 China Southern Airlines
55%
K 11.2 Korean Air
55%
T 22.7 Turkish Airlines
48%
S 27.5 Southwest Airlines
45%
F 4.2 Finnair
39%
X 4.6 Xiamen Airlines
39%
G 3.9 GOL Airlines
32%
H 7.8 Hainan Airlines
32%
I 10.0 IndiGo
32%
M 3.7 Malaysia Airlines
29%
V 3.9 Virgin Atlantic
29%
W 6.2 WizzAir
29%
O 863m Olympic Air
10%
P 4.0 Pegasus Airlines
10%
N 4 Nok Air
6%
Z 654m ZipAir
6%
Y 27.0 Yamal Airlines
3%
No matching quizzes found
Score Distribution
Percent of People with Each Score
Percentile by Number Answered
Your Score History
You have not taken this quiz